| Tag |
First Indicator |
Second Indicator |
Subfields |
| LEADER |
00000cas a2200000Ii 4500 |
| 001 |
in00004433713 |
| 005 |
20230303162035.1 |
| 008 |
210108u2004uuuuxxuuu ne 0 0eng d |
| 035 |
|
|
|a (OCoLC)on1243918826
|
| 040 |
|
|
|a TXA
|b eng
|e rda
|c TXA
|
| 035 |
|
|
|a (OCoLC)1243918826
|
| 090 |
|
|
|a PN6231.H57
|b C66
|
| 049 |
|
|
|a TXAM
|
| 245 |
0 |
0 |
|a Community's reactionary asshole publication.
|
| 246 |
1 |
7 |
|a CRAP
|
| 264 |
|
1 |
|a [United States] :
|b [Gay Shame],
|c 2004-
|
| 300 |
|
|
|a volumes :
|b illustrations ;
|c 45 cm
|
| 336 |
|
|
|a text
|b txt
|2 rdacontent
|
| 337 |
|
|
|a unmediated
|b n
|2 rdamedia
|
| 338 |
|
|
|a volume
|b nc
|2 rdacarrier
|
| 362 |
1 |
|
|a Began with: Vol. 1, no. 1 (May 2004).
|
| 500 |
|
|
|a "Serving corporate news that happens to be gay since 2004"
|
| 500 |
|
|
|a Purchased for the Cushing Library/Women & Gender Studies collection by The Cushing Library.
|
| 500 |
|
|
|a The Cushing Library/Women & Gender Studies copies were acquired as part of The Don Kelly Research Collection of Gay Literature and Culture.
|
| 588 |
0 |
|
|a Vol. 1, no. 1 (May 2004); title from caption.
|
| 588 |
1 |
|
|a Vol. 1, no. 1 (May 2004).
|
| 650 |
|
0 |
|a Homosexuality
|x Humor
|v Newspapers.
|
| 650 |
|
0 |
|a Gay wit and humor
|v Newspapers.
|
| 650 |
|
0 |
|a Social satire
|v Newspapers.
|
| 710 |
2 |
|
|a Gay Shame (Organisation)
|
| 994 |
|
|
|a C0
|b TXA
|
| 948 |
|
|
|a cataloged
|b h
|c 2021/3/30
|d o
|e coplinger
|f 3:24:18 pm
|
| 999 |
f |
f |
|s 4cd85eac-b576-33ad-aae8-e5cf05caefaa
|i eff43b5d-f633-3b3c-88d7-a1828f1a39cb
|t 0
|
| 952 |
f |
f |
|p noncirc
|a Texas A&M University
|b College Station
|c Cushing Memorial Library & Archives
|d Cushing: Women & Gender Studies (Does not check out)
|t 0
|e PN6231.H57 C66
|f Vertical file
|h Library of Congress classification
|i unmediated -- volume
|
| 998 |
f |
f |
|a PN6231.H57 C66
|s v.1:no.1 (2004:May)
|t 0
|l Cushing: Women & Gender Studies (Does not check out)
|